Fatal flaws : (Record no. 1118)

MARC details
000 -LEADER
fixed length control field 01451pam a22003014a 4500
005 - DATE AND TIME OF LATEST TRANSACTION
control field 20260322212047.0
008 - FIXED-LENGTH DATA ELEMENTS--GENERAL INFORMATION
fixed length control field data
010 ## - LIBRARY OF CONGRESS CONTROL NUMBER
LC control number 2004023752
020 ## - INTERNATIONAL STANDARD BOOK NUMBER
International Standard Book Number 9781585622146 (pbk. : alk. paper)
020 ## - INTERNATIONAL STANDARD BOOK NUMBER
International Standard Book Number 1585622141 (pbk. : alk. paper)
040 ## - CATALOGING SOURCE
Original cataloging agency DNLM
Transcribing agency DNLM
041 09 - LANGUAGE CODE
Language code of text/sound track or separate title eng
042 ## - AUTHENTICATION CODE
Authentication code pcc
044 ## - COUNTRY OF PUBLISHING/PRODUCING ENTITY CODE
-- United States
060 10 - NATIONAL LIBRARY OF MEDICINE CALL NUMBER
Classification number WM 190
Item number Y94f 2005
001 - CONTROL NUMBER
control field data
100 1# - MAIN ENTRY--PERSONAL NAME
Personal name Yudofsky, Stuart C.
245 10 - TITLE STATEMENT
Title Fatal flaws :
Remainder of title navigating destructive relationships with people with disorders of personality and character /
Statement of responsibility, etc. Stuart C. Yudofsky.
250 ## - EDITION STATEMENT
Edition statement 1st ed.
260 ## - PUBLICATION, DISTRIBUTION, ETC.
Place of publication, distribution, etc. Washington, D.C. :
Name of publisher, distributor, etc. American Psychiatric Pub.
Date of publication, distribution, etc. c2005.
300 ## - PHYSICAL DESCRIPTION
Extent xvii, 494 p.
504 ## - BIBLIOGRAPHY, ETC. NOTE
Bibliography, etc. note Includes bibliographical references and index.
505 0# - FORMATTED CONTENTS NOTE
Formatted contents note What are fatal flaws? -- Does this person have a fatal flaw? -- Nine principles for dealing with people with fatal flaws -- Hysterical (histrionic) personality disorder -- Narcissistic personality disorder, part I. Untreated narcissism -- Narcissistic personality disorder, part II. Treated narcissism -- Antisocial personality disorder -- Obsessive-compulsive personality disorder -- Paranoid personality disorder -- Borderline personality disorder -- Schizotypal personality disorder -- Addictive personality disorder -- Getting help.
650 22 - SUBJECT ADDED ENTRY--TOPICAL TERM
Topical term or geographic name entry element Clinical Medicine
General subdivision methods
9 (RLIN) n
650 22 - SUBJECT ADDED ENTRY--TOPICAL TERM
Topical term or geographic name entry element Personality Disorders
650 22 - SUBJECT ADDED ENTRY--TOPICAL TERM
Topical term or geographic name entry element Psychotherapy
General subdivision methods
9 (RLIN) n
655 #2 - INDEX TERM--GENRE/FORM
Genre/form data or focus term Popular Works
Holdings
Withdrawn status Lost status Damaged status Not for loan Home library Current library Shelving location Date acquired Total checkouts Full call number Barcode Date last seen Price effective from Koha item type
        Riverside Riverside General stacks 22/03/2026   GEN BC0011154 22/03/2026 22/03/2026 Books